Most powerful empires and countries - Statistics

General Stats
  • This quiz has been taken 218 times
  • The average score is 31 of 79
Answer Stats
Year Answer % Correct
2000 BC Middle Kingdom of Egypt
79%
1900 AD Great Britain
73%
1950 BC Middle Kingdom of Egypt
70%
1900 BC Middle Kingdom of Egypt
70%
1850 BC Middle Kingdom of Egypt
70%
1850 AD Great Britain
68%
1750 AD Great Britain
67%
1800 AD Great Britain
67%
150 AD Roman Empire
67%
1700 AD Great Britain
66%
0 AD Roman Empire
66%
50 AD Roman Empire
66%
100 AD Roman Empire
66%
200 AD Roman Empire
65%
250 AD Roman Empire
65%
300 AD Roman Empire
65%
1600 AD Ottoman Empire, Spain
63%
1650 AD France
58%
100 BC Roman Republic
58%
50 BC Roman Republic
58%
1500 AD Ottoman Empire
56%
1550 AD Ottoman Empire
56%
150 BC Roman Republic
56%
200 BC Roman Republic
54%
1450 AD Ottoman Empire
53%
350 BC Macedonian Empire
44%
300 BC Macedonian Empire
43%
1250 AD Mongol Empire
43%
1300 AD Mongol Empire
43%
1350 AD Timurid Empire
43%
1400 AD Timurid Empire
43%
1200 AD Mongol Empire
41%
250 BC Macedonian Empire
40%
400 BC Persian Empire
38%
500 BC Persian Empire
37%
450 BC Persian Empire
37%
550 BC Median Empire
36%
600 BC Median Empire
35%
1350 BC Egyptian Empire
33%
1300 BC Egyptian Empire
33%
1250 BC Egyptian Empire
33%
1200 BC Egyptian Empire
33%
1650 BC Middle Kingdom of Egypt
32%
1400 BC Egyptian Empire
31%
850 AD Byzantine Empire
28%
900 AD Byzantine Empire
28%
950 AD Byzantine Empire
28%
1000 AD Byzantine Empire
28%
700 AD Umayyad Caliphate
28%
600 AD Byzantine Empire
26%
550 AD Byzantine Empire
25%
700 BC Assyrian Empire
24%
650 BC Assyrian Empire
24%
1050 AD Holy Roman Empire
24%
1100 AD Holy Roman Empire
24%
1150 AD Holy Roman Empire
24%
650 AD Rashidun Caliphate
24%
850 BC Assyrian Empire
23%
800 BC Assyrian Empire
23%
750 BC Assyrian Empire
23%
1050 BC Assyrian Kingdom
22%
1000 BC Assyrian Kingdom
22%
950 BC Babylonia
22%
900 BC Babylonia
22%
450 AD Hunnic Empire
22%
500 AD Hunnic Empire
22%
1150 BC Assyrian Kingdom
21%
1100 BC Assyrian Kingdom
21%
400 AD Hunnic Empire
21%
350 AD Gupta Empire
19%
750 AD Franks
18%
800 AD Franks
17%
1800 BC Minoan Civilisation
13%
1750 BC Minoan Civilisation
13%
1700 BC Minoan Civilisation
13%
1600 BC Minoan Civilisation
13%
1550 BC Minoan Civilisation
13%
1500 BC Minoan Civilisation
13%
1450 BC Minoan Civilisation
13%
No matching quizzes found
Score Distribution
Percent of People with Each Score
Percentile by Number Answered
Your Score History
You have not taken this quiz